00580 a2200181 4500010001400000020002300014035001300037037001600050082001000066245010000076260004400176270004800220300002700268490004500295700001900340700001700359700002200376 aENG-88589 c495.00a8120333840 aEN-72122 bDBAD / PUB14a915.41 aExplorations in applied geography/cedited by Ashok K. Dutt, H. N. Misra [and] Meera Chatterjee aNew DelhibPrentice-Hall of Indiac2008 aM-97, Connaught Circus,bNew Delhie110 001 axvi, 524p.c25cm (Hb) aProfessor L.R. Singh felicitation volume1 aDutt, Ashok K.1 aMisra, H. N.1 aChatterjee, Meera